|
|
|
|
| LEADER |
01167nam a2200265 a 4500 |
| 001 |
12127472 |
| 008 |
091122s2001 maua bs 001 0 eng d |
| 010 |
|
|
|a \\\00062471
|
| 020 |
|
|
|a 0072314885 (alk. paper)
|
| 040 |
|
|
|a DLC
|c DLC
|d DLC
|
| 082 |
0 |
0 |
|a 330
|2 21
|
| 100 |
1 |
|
|a Samuelson, Paul Anthony,
|d 1915-
|
| 245 |
1 |
0 |
|a Economics /
|c Paul A. Samuelson, William D. Nordhaus.
|
| 250 |
|
|
|a 17th ed.
|
| 260 |
|
|
|a Boston, Mass. :
|b McGraw-Hill,
|c c2001.
|
| 300 |
|
|
|a xxiv, 792 p. :
|b ill. (some col.) ;
|c 24 cm.
|
| 504 |
|
|
|a Includes bibliographical references and index.
|
| 541 |
1 |
|
|e 00010835
|
| 650 |
|
0 |
|a Economics.
|
| 700 |
1 |
|
|a Nordhaus, William D.
|
| 852 |
4 |
|
|a Ayesha Abed Library
|j General shelf
|
| 942 |
0 |
0 |
|0 2
|
| 999 |
|
|
|c 5790
|d 5790
|
| 952 |
|
|
|0 0
|1 0
|2 ddc
|4 1
|6 330_000000000000000_SAM_2001
|7 0
|9 5742
|a BRACUL
|b BRACUL
|c SPS
|d 2009-11-22
|g 0.00
|l 16
|m 114
|o 330 SAM
|p 3010010835
|r 2018-04-09
|s 2018-02-26
|t 1
|w 2009-11-22
|y BK
|x No price found in the accession register.
|
| 952 |
|
|
|0 0
|1 0
|2 ddc
|4 1
|6 330_000000000000000_SAM
|7 0
|9 5873
|a BRACUL
|b BRACUL
|c SPS
|d 2009-12-06
|g 0.00
|l 13
|m 114
|o 330 SAM
|p 3010012522
|r 2017-06-15
|s 2017-05-15
|t 2
|w 2009-12-06
|y BK
|x No price found in the accession register.
|